Finnish verbs - Statistics

General Stats
  • This quiz has been taken 310 times
  • The average score is 28 of 56
Answer Stats
Hint Answer % Correct
asua live
84%
ajaa drive
82%
juoda drink
79%
antaa give
79%
puhua speak/talk
78%
laulaa sing
76%
mennä go
75%
istua sit
75%
kirjoittaa write
75%
lukea read
73%
kävellä walk
70%
nukkua sleep
69%
ostaa buy
68%
itkeä cry
68%
nauraa laugh
68%
pelata play
68%
juosta run
68%
rakastaa love
67%
syödä eat
66%
avata open
65%
katsoa watch
63%
maksaa pay
62%
sanoa say
62%
hymyillä smile
62%
herätä wake up
62%
tanssia dance
61%
opiskella study
60%
lentää fly
58%
pestä wash
56%
seisoa stand
53%
ottaa take
53%
uida swim
50%
matkustaa travel
50%
lähteä leave
49%
myydä sell
48%
piirtää draw
47%
tulla come
45%
korjata fix
42%
imuroida vacuum
42%
juhlia celebrate
38%
häiritä disturb
33%
soittaa play an instrument/call
32%
luistella skate
31%
keskustella discuss
30%
valita choose
28%
nousta get up
28%
tilata order
24%
soida ring
22%
pyöräillä ride a bike
18%
siivota clean up
17%
tiskata do the dishes
15%
hiihtää (cross-country) ski
14%
pukea päälle put on
13%
polttaa tupakkaa smoke tobacco
12%
saunoa take a sauna
11%
tehdä ruokaa make a food
8%
No matching quizzes found
Score Distribution
Percent of People with Each Score
Percentile by Number Answered
Your Score History
You have not taken this quiz